Un lugar soleado para gente sombría /
Guardado en:
| Autor Principal: | |
|---|---|
| Formato: | Libro |
| Idioma: | Spanish |
| Publicado: |
Barcelona :
Anagrama,
2024.
|
| Edición: | 7a ed. |
| Materias: | |
| Etiquetas: |
Agregar Etiqueta
Sin Etiquetas, Sea el primero en etiquetar este registro!
|
| LEADER | 00591nam a22001935a 4500 | ||
|---|---|---|---|
| 001 | EHU.bham052428 | ||
| 008 | 241113s2024####sp############000#0#spa#d | ||
| 005 | 20241113100208.0 | ||
| 245 | 0 | 0 | |a Un lugar soleado para gente sombría / |c Mariana Enriquez. |
| 250 | |a 7a ed. | ||
| 260 | |a Barcelona : |b Anagrama, |c 2024. | ||
| 300 | |a 229 p. | ||
| 020 | |a 9788433922861 | ||
| 100 | 1 | |a Enriquez, Mariana. | |
| 082 | 9 | 8 | |a A863.5 En59-5 |
| 653 | |a Literatura argentina-2000- | ||
| 653 | |a Cuento argentino-2000- | ||
| 653 | |a Terror-cuentos de | ||
| 859 | |a AR-BHAM |b BIB. HUMANIDADES - General |h A863.5 |i En59-5 |p 541.24 |t 1 | ||
